Satellites naturels du système solaire - Statistiques

Statistiques générales
  • Ce quiz a été pris 108 fois
  • Le résultat moyen est 10 sur 22
Statistiques - réponses
Planète Indice Réponse % Correct
Terre Vient du latin lucere Lune
89%
Saturne Géants précédents les dieux de l'Olympe Titan
86%
Jupiter Maîtresse de Zeus qui finie transformée en vache Io
85%
Jupiter Amante de Zeus Europe
83%
Mars Fils d'Arès et Aphrodite Phobos
69%
Jupiter Echanson des dieux et amant de Zeus Ganymède
65%
Mars Frère du précédent Déimos
62%
Neptune Dieu marin et fils de Poséidon Triton
58%
Jupiter Nymphe de la suite d'Artémis et qui finie transformée en ourse Callisto
55%
Saturne Femme de Chronos Rhéa
38%
Saturne Géant vaincu par Athéna et enseveli sous la Sicile Encelade
34%
Uranus Génie aérien bienfaisant au service de Prospero dans 'La Tempête' de Shakespeare Ariel
26%
Saturne Géant fils d'Ouranos et de Gaïa Mimas
26%
Uranus Reine des fées dans 'Le Songe d'une nuit d'été' de Shakespeare Titania
26%
Saturne Déesse, femme d'Océan et mère des fleuves et Océanides Téthys
25%
Saturne Titan de la mortalité, père de Prométhée Japet
22%
Uranus Roi des fées dans 'Le Songe d'une nuit d'été' de Shakespeare Obéron
20%
Uranus Personnage du poème 'La Boucle de cheveux enlevée' d'Alexander Pope Umbriel
20%
Saturne Fille de la précédente et mère d'Aphrodite Dioné
18%
Saturne Titan de la lumière céleste Hypérion
17%
Saturne Titanide et sœur de Chronos Phœbé
14%
Uranus Fille du magicien Prospero dans 'La Tempête' de William Shakespeare Miranda
12%
Aucun quiz correspondant
Distribution des résultats
% des personnes avec chaque résultat
Percentile par nombre de réponses
Votre historique - résultats
Vous n’avez pas pris ce quiz